| 000 | 00561nam a2200205 i 4500 | ||
|---|---|---|---|
| 001 | bgj | ||
| 100 | 1 | _aJAMES, P. D. | |
| 245 | 1 | 0 |
_aAn unsuitable job for a woman / _cP. D. James. |
| 260 |
_aLondon : _bSphere Books Ltd., _c1981. |
||
| 300 |
_a204, [1] pp ; _c18 cm. |
||
| 650 | 9 |
_aWomen private investigators _xFiction _zEngland |
|
| 650 | 9 | _aDetective and mystery stories | |
| 650 | 9 | _aMystery fiction | |
| 020 | _a0722150954 | ||
| 040 | _cBPK | ||
| 041 | 0 | _aeng | |
| 920 | _a0-7221-5095-4 | ||
| 942 | _cKS | ||
| 008 | s uk f |000 0 eng | ||
| 999 |
_c48694 _d48694 |
||
| 856 |
_uhttp://koha.tu.koszalin.pl/cgi-bin/koha/opac-detail.pl?biblionumber=48694 _yKatalog online BPK |
||